HTML Sectioning Elements - Statistics

General Stats
  • This quiz has been taken 38 times
  • The average score is 6 of 9
Answer Stats
Answer Hint % Correct
body Contains the entire content of the document
83%
h1 Marks major headings
83%
nav Marks a list of hypertext or navigation links
83%
article Marks a self-contained composition
67%
footer Contains closing content that concludes an article or segment
67%
header Contains opening content that introduces an article or section
67%
section Marks content that shares a common theme or purpose on the page
67%
address Marks Contact Info
42%
aside Marks content that is related to a main article
33%
No matching quizzes found
Score Distribution
Percent of People with Each Score
Percentile by Number Answered
Your Score History
You have not taken this quiz